• 首页
  • 本馆介绍
  • 公告通知
  • 最新文献
  • 馆藏检索
  • 电子资源
  • 读者导购
  • 参考咨询
  • 我的图书馆
  • 登录
  • 详细信息显示
  • 放入我的书架
  • 预约/预借图书
  • 作者相关作品
  • 分类相关作品
  • 丛书相关作品
  • 出版社相关作品

书目信息

  • 表格格式
  • 工作单格式
  • 卡片格式
题名:
道通于一
    
 
作者: 李祥俊 著
分册:  
出版信息: 北京   北京师范大学出版社  2006
页数: 12,537页
开本: 21cm
丛书名:
单 册:
中图分类: B244.05
科图分类:
主题词: 哲学思想--研究--中国--北宋 , 哲学思想
电子资源:
ISBN: 7-303-08094-5
000 01041nam0 2200265 450
001 003442459
005 20091202085140.06
010    @a7-303-08094-5@dCNY30.00
100    @a20070327d2006 em y0chiy0110 ea
101 0  @achi
102    @aCN@b110000
105    @ay z 000yy
106    @ar
200 1  @a道通于一@9dao tong yu yi@e北宋哲学思潮研究@f李祥俊著
210    @a北京@c北京师范大学出版社@d2006
215    @a12,537页@d21cm
300    @a教育部人文社会科学研究“十五”规划 青年项目“北宋哲学的学派冲突与问题争论”最终成果(项目批准号:01JC720004) 北京市社会科学理论著作出版基金资助
330    @a对北宋哲学思潮的发展脉络加以梳理,有助于深入了解中国传统哲学的发展历程,也可以为我们今天的哲学创新提供历史借鉴。本书以学术史为基础,从整体上对北朱哲学思潮作了梳理,
517 1  @a北宋哲学思潮研究@9bei song zhe xue si chao yan jiu
606 0  @a哲学思想@x研究@y中国@z北宋
606 0  @a哲学思想
690    @aB244.05@v4
701  0 @a李祥俊@9li xiang jun@f(1966~)@4著
801  0 @aCN@bNLC@c20091202
905    @b794604-09@dB244.05@e41@f6
    
    道通于一:北宋哲学思潮研究/李祥俊著.-北京:北京师范大学出版社,2006
    12,537页;21cm
    教育部人文社会科学研究“十五”规划 青年项目“北宋哲学的学派冲突与问题争论”最终成果(项目批准号:01JC720004) 北京市社会科学理论著作出版基金资助
    
    ISBN 7-303-08094-5:CNY30.00
    对北宋哲学思潮的发展脉络加以梳理,有助于深入了解中国传统哲学的发展历程,也可以为我们今天的哲学创新提供历史借鉴。本书以学术史为基础,从整体上对北朱哲学思潮作了梳理,
●
相关链接 在E读中查询图书 在五车中查询图书 在当当中查询图书 在豆瓣中查询图书


正题名:道通于一     索取号:B244.05/41         预约/预借

序号 登录号 条形码 馆藏地/架位号 状态 备注
1 794604   207946044   第一样本阅览室/ [索取号:B244.05/41] 在馆    
2 794605   207946053   教育系资料室/ [索取号:B244.05/41] 在馆    
3 794606   207946062   第一借阅区/ [索取号:B244.05/41] 在馆    
4 794607   207946071   第一借阅区/ [索取号:B244.05/41] 在馆    
5 794608   207946080   教育系资料室/ [索取号:B244.05/41] 在馆    
6 794609   207946099   第一借阅区/ [索取号:B244.05/41] 在馆    
唐山师范学院图书馆 欢迎您!
大连网信软件有限公司© 版权所有